[Event "Val Maubuee op"]
[Site "Val Maubuee"]
[Date "1988.??.??"]
[Round "?"]
[White "Mounier, Pascal"]
[Black "Naudier, Serge"]
[Result "1/2-1/2"]
[WhiteElo "1930"]
[BlackElo "2235"]
[PlyCount "128"]
[EventDate "1988.??.??"]
[EventType "swiss"]
[EventRounds "9"]
[EventCountry "FRA"]
[SourceTitle "EXT 1997"]
[Source "ChessBase"]
[SourceDate "1996.11.15"]
[SourceVersion "1"]
[SourceVersionDate "1996.11.15"]
[SourceQuality "1"]

1. e4 c5 2. Nc3 Nc6 3. g3 g6 4. Bg2 Bg7 5. d3 e6 6. f4 d6 7. Nf3 Nge7 8. 0-0 0-0 9. Rb1 Nd4 10. Ne2 Nec6 11. Nfxd4 Nxd4 12. c3 Nxe2+ 13. Qxe2 Rb8 14. Be3 b6 15. d4 Qc7 16. Rfd1 Bb7 17. e5 dxe5 18. dxe5 Bxg2 19. Kxg2 Rfd8 20. Kf2 Kf8 21. Rxd8+ Rxd8 22. Rd1 Rd5 23. c4 Rd8 24. Rd3 Ke8 25. Rxd8+ Kxd8 26. Qd3+ Kc8 27. Qe4 Kb8 28. Ke2 Qd7 29. Qd3 Kc8 30. Qxd7+ Kxd7 31. Kd3 Kc6 32. b3 a6 33. h3 b5 34. g4 bxc4+ 35. bxc4 g5 36. Ke4 gxf4 37. Bxf4 Bf8 38. Bd2 Be7 39. g5 Kd7 40. h4 Ke8 41. Kf4 Kf8 42. Ba5 Kg7 43. Kg4 h6 44. Kh5 hxg5 45. hxg5 Kf8 46. Kh6 Ke8 47. Bd2 Bd8 48. g6 fxg6 49. Kxg6 Bc7 50. Kf6 Kd7 51. Bc3 Bd8+ 52. Kf7 Bh4 53. Bd2 Bf2 54. Kf6 Bh4+ 55. Kf7 Bg3 56. Kf6 Bf2 57. Kg5 Ke7 58. Kf4 Kf7 59. Ke4 Bd4 60. Be1 Kg6 61. Kf4 Bg1 62. Kg4 Be3 63. Bg3 Bd4 64. Bf4 Kf7 1/2-1/2

[Event "Val Maubuee op"]
[Site "Val Maubuee"]
[Date "1988.??.??"]
[Round "?"]
[White "Mounier, Pascal"]
[Black "Nonnenmacher, Daniel"]
[Result "0-1"]
[WhiteElo "1930"]
[BlackElo "1670"]
[PlyCount "79"]
[EventDate "1988.??.??"]
[EventType "swiss"]
[EventRounds "9"]
[EventCountry "FRA"]
[SourceTitle "EXT 1997"]
[Source "ChessBase"]
[SourceDate "1996.11.15"]
[SourceVersion "1"]
[SourceVersionDate "1996.11.15"]
[SourceQuality "1"]

1. d4 Nf6 2. c4 g6 3. Nc3 Bg7 4. e4 d6 5. Nf3 0-0 6. Be2 Nbd7 7. 0-0 e5 8. d5 h6 9. h3 Nh7 10. Be3 f5 11. exf5 gxf5 12. Nh2 f4 13. Bd2 Ng5 14. Bg4 Nf6 15. Re1 Nxg4 16. Nxg4 f3 17. Ne4 Nxh3+ 18. gxh3 Bxg4 19. hxg4 Qh4 20. Re3 Qh3 21. Qf1 Qxg4+ 22. Kh2 Rf4 23. Qh3 Rxe4 24. Rxe4 Qxe4 25. Rg1 Kh7 26. Rg4 Qd3 27. Qh5 Rf8 28. Rxg7+ Kxg7 29. Bxh6+ Kh7 30. Bxf8+ Kg8 31. Qh6 Qh7 32. Qxh7+ Kxh7 33. Kg3 Kg8 34. Bh6 Kf7 35. Kxf3 Ke7 36. b4 Kd7 37. a4 b6 38. b5 Kc8 39. Ke4 Kb7 40. Kf5 0-1

[Event "Val Maubuee op"]
[Site "Val Maubuee"]
[Date "1988.??.??"]
[Round "?"]
[White "Mounier, Pascal"]
[Black "Plachetka, Jan"]
[Result "0-1"]
[WhiteElo "1930"]
[BlackElo "2410"]
[PlyCount "116"]
[EventDate "1988.??.??"]
[EventType "swiss"]
[EventRounds "9"]
[EventCountry "FRA"]
[SourceTitle "EXT 1997"]
[Source "ChessBase"]
[SourceDate "1996.11.15"]
[SourceVersion "1"]
[SourceVersionDate "1996.11.15"]
[SourceQuality "1"]

1. e4 c5 2. Nc3 Nc6 3. g3 g6 4. Bg2 Bg7 5. d3 d6 6. f4 e6 7. Nf3 Nge7 8. 0-0 0-0 9. Rb1 Rb8 10. Be3 Nd4 11. Ne2 Nxf3+ 12. Bxf3 b6 13. g4 f5 14. h3 d5 15. Qe1 Bb7 16. exf5 exf5 17. d4 Qc7 18. c3 c4 19. Ng3 Rbe8 20. Qf2 Nc8 21. gxf5 gxf5 22. Kh1 Nd6 23. Rbe1 Kh8 24. Qg2 Ne4 25. Nxe4 dxe4 26. Be2 Bf6 27. Rg1 Bd5 28. Qh2 Bh4 29. Ref1 Rg8 30. Rxg8+ Rxg8 31. Rg1 Rg6 32. Bh5 Rg7 33. Rxg7 Qxg7 34. Qg2 Qe7 35. Kg1 b5 36. Be2 b4 37. Qf1 bxc3 38. bxc3 Qg7+ 39. Qg2 Be1 40. Qxg7+ Kxg7 41. Kf1 Bxc3 42. Bd1 Kf6 43. Ba4 Ke6 44. Ke2 Kd6 45. Bb5 a5 46. Bd2 Bxd2 47. Kxd2 c3+ 48. Kxc3 Bxa2 49. Ba4 Be6 50. Bb5 h6 51. h4 Bd7 52. Bc4 a4 53. d5 Kc5 54. Ba2 Bc8 55. Bc4 Bb7 56. d6 Kxd6 57. Kb4 Bc6 58. Be2 Kd5 0-1